000 01271nam a2200325 c 4500
003 BLK
005 20250110172821.0
008 180408b bul|||||r ||||||| ||bul||
010 _aKNG00089402000
020 _a978-954-516-798-0
_bиздат.: Летера
040 _aBLK
041 _aBUL
_cBUL
080 _a?Швейцарска литература
_b830(494)
_x-312.6
_z830(494)-312.6
100 1 _aХофман, Корине
_eпърви автор
_9295406
700 1 _aПопова, Александра
_eпрев. от нем.
_9290804
139 _aХофман, Корине
_bХ 71
245 1 0 _aЗавръщане от Африка
_bРоман
_cКорине Хофман; прев. от нем. Александра Попова.
257 _aSWI
260 Пловдив
_bЛетера
_c2008
300 _a228 с.
_bс ил.
_c22 см
380 _aX
500 _aОриг. загл. Zuruck aus Afrika / Corinne Hofmann. - Офс. изд.
653 _aроманизувани биографии
852 _aЦб 234402
856 4 _qpdf
_u
856 4 _qpdf
_u
942 _cKNG
_n0
_07
944 _aCR
_c12.05.2009
_lЦветомила Тодорова
_k30576
944 _aED
_c06.04.2016
_lф /
_kЛюдмила_Стоянова
999 _c84811
_d84811